Η μεταρρύθμιση που δεν έγινε : (τεκμήρια ιστορίας)

Αποθηκεύτηκε σε:
Λεπτομέρειες βιβλιογραφικής εγγραφής
Άλλοι συγγραφείς: Δημαράς, Αλέξης
Μορφή: Βιβλίο
Γλώσσα:Greek
Δημοσίευση: Αθήνα : Ερμής, 1988
Θέματα:
Ετικέτες: Προσθήκη ετικέτας
Δεν υπάρχουν, Καταχωρήστε ετικέτα πρώτοι!

MARC

LEADER 00000nam a2200000 i 4500
001 1/78131
008 960528s1988 gre d
035 |a 1988  |b 2  |c Αγορά/Καϊλα  |l 10032845 
040 |a GR-MY-UA  |b gre  |e aacr 
041 0 |a gre 
082 0 |a 379.495 
245 1 2 |a Η μεταρρύθμιση που δεν έγινε :  |b (τεκμήρια ιστορίας) /  |c επιμέλεια Αλέξης Δημαράς 
260 |a Αθήνα :   |b Ερμής,   |c 1988 
300 |a 2 τ. 
505 0 |a τ.1: 1821-1894. - τ.2: 1895-1967. 
650 0 0 |a Education and state  |z Greece. 
650 0 0 |a Educational planning  |z Greece. 
650 0 0 |a Education  |z Greece  |x History. 
650 0 0 |a Educational innovations  |z Greece. 
700 1 |a Δημαράς, Αλέξης. 
852 |a INST  |b RHODES  |e 19960528  |h 379.495 ΜΕΤ  |p 005400002475  |q 005400002475  |t BK  |y 620  |z τ.2 
852 |a INST  |b RHODES  |e 19960528  |h 379.495 ΜΕΤ  |p 005400005139  |q 005400005139  |t BK  |y 620  |z τ.1 
852 |a INST  |b RHODES  |e 19960528  |h 379.495 ΜΕΤ  |p 005400002475  |q 005400002475  |t BK  |v τ.2:  |y 620  |z τ.2 
852 |a INST  |b RHODES  |e 19960528  |h 379.495 ΜΕΤ  |p 005400005139  |q 005400005139  |t BK  |v τ.1:  |y 620  |z τ.1 
853 |a INST  |b RHODES  |h 379.495 ΜΕΤ 
909 |a Ρ  |b 011644  |c 1988 
909 |a Ρ  |b 011645  |c 1988